|
|
|
|
| LEADER |
01634cas a2200241 a 4500 |
| 001 |
AALejournalIMF010020 |
| 008 |
230101c9999 xx r poo 0 0eng d |
| 020 |
|
|
|c 5.00 USD
|
| 020 |
|
|
|z 9781451957044
|
| 022 |
|
|
|a 1018-5941
|
| 040 |
|
|
|a BD-DhAAL
|c BD-DhAAL
|
| 110 |
2 |
|
|a International Monetary Fund.
|
| 245 |
1 |
0 |
|a Fiscal Indicators for Economic Growth :
|b Illusory Search?
|
| 264 |
|
1 |
|a Washington, D.C. :
|b International Monetary Fund,
|c 1990.
|
| 300 |
|
|
|a 1 online resource (30 pages)
|
| 490 |
1 |
|
|a IMF Working Papers
|
| 500 |
|
|
|a <strong>Off-Campus Access:</strong> No User ID or Password Required
|
| 500 |
|
|
|a <strong>On-Campus Access:</strong> No User ID or Password Required
|
| 506 |
|
|
|a Electronic access restricted to authorized BRAC University faculty, staff and students
|
| 520 |
3 |
|
|a The search for ways to ensure growth while accommodating necessary expenditure cuts to correct fiscal imbalances, has often led to the advocacy of the government own savings (GOS) measure as an indicator of growth potential in fiscal adjustment. This paper critically examines the rationale of this approach and its implicit assumption of the primacy of capital expenditure for the growth process. In light of the problems revealed in the GOS approach, the paper explores the possibility of alternative weighted expenditure indicators and illustrates the proposed technique, employing data from Thailand.
|
| 538 |
|
|
|a Mode of access: Internet
|
| 830 |
|
0 |
|a IMF Working Papers; Working Paper ;
|v No. 1990/076
|
| 856 |
4 |
0 |
|z Full text available on IMF
|u http://elibrary.imf.org/view/journals/001/1990/076/001.1990.issue-076-en.xml
|z IMF e-Library
|